[Event "Buenos Aires FAOGBA op 2nd"]
[Site "Buenos Aires"]
[Date "2024.03.12"]
[Round "1"]
[White "Schnaider, Ilan"]
[Black "Bosco, Giuliana"]
[Result "1-0"]
[WhiteElo "2314"]
[BlackElo "1902"]
[PlyCount "53"]
[EventDate "2024.03.12"]
[EventType "swiss"]
[EventRounds "9"]
[EventCountry "ARG"]
[SourceTitle "CB13_2024"]
[SourceDate "2024.03.27"]
[SourceVersion "1"]
[SourceVersionDate "2024.03.27"]
[SourceQuality "1"]

1. e4 e6 2. d4 d5 3. e5 c5 4. c3 Qb6 5. Nf3 Nc6 6. Bd3 cxd4 7. 0-0 Bd7 8. Re1 Rc8 9. h4 a6 10. h5 h6 11. Nbd2 dxc3 12. bxc3 Na5 13. Rb1 Qc7 14. Bb2 b5 15. Nd4 Nc4 16. Nxc4 dxc4 17. Be4 Ne7 18. Qg4 Qxe5 19. Bb7 Qc5 20. Bxc8 Bxc8 21. Qg3 Nd5 22. Nf5 Rg8 23. Rbd1 Be7 24. Nxe7 Nxe7 25. Re5 Qc6 26. Ba3 g6 27. Rc5 1-0

[Event "ARG-ch (Women) 74th"]
[Site "Buenos Aires"]
[Date "2023.11.20"]
[Round "1"]
[White "Alvarez, Mia Morena"]
[Black "Bosco, Giuliana"]
[Result "0-1"]
[WhiteElo "1307"]
[BlackElo "1878"]
[PlyCount "64"]
[EventDate "2023.11.20"]
[EventType "swiss"]
[EventRounds "9"]
[EventCountry "ARG"]
[SourceTitle "CB49_2023"]
[SourceDate "2023.12.06"]
[SourceVersion "1"]
[SourceVersionDate "2023.12.06"]
[SourceQuality "1"]

1. e4 e6 2. d4 d5 3. Nd2 Nf6 4. e5 Nfd7 5. Bd3 c5 6. c3 Nc6 7. Ne2 cxd4 8. cxd4 f6 9. exf6 Nxf6 10. Nf3 Bd6 11. a3 Qc7 12. Bg5 0-0 13. 0-0 Nh5 14. Bh4 g6 15. Ng3 Nf4 16. Bc2 Qg7 17. Re1 Bd7 18. Ne2 Nxe2+ 19. Rxe2 Rxf3 20. gxf3 Nxd4 21. Rd2 Bc5 22. Rc1 Qh6 23. Rxd4 Bxd4 24. Bg3 Bb6 25. Bb3 Qg5 26. f4 Qf6 27. Rb1 Bc6 28. Bc2 Bc7 29. Qd2 Rf8 30. Qe3 d4 31. Qb3 Bd5 32. Qa4 Bxf4 0-1

[Event "ARG-ch sf 98th"]
[Site "Buenos Aires"]
[Date "2023.05.04"]
[Round "6"]
[White "Navarro, Gustavo"]
[Black "Bosco, Giuliana"]
[Result "0-1"]
[WhiteElo "2018"]
[BlackElo "1913"]
[PlyCount "68"]
[EventDate "2023.04.29"]
[EventType "swiss"]
[EventRounds "9"]
[EventCountry "ARG"]
[SourceTitle "CBM 214 Extra"]
[Source "ChessBase"]
[SourceDate "2023.07.31"]
[SourceVersion "1"]
[SourceVersionDate "2023.07.31"]
[SourceQuality "1"]

1. d4 Nf6 2. c4 c5 3. Nf3 g6 4. Nc3 Bg7 5. d5 d6 6. e4 0-0 7. Bd3 Nbd7 8. 0-0 b6 9. Ne1 Bb7 10. f4 a6 11. Qe2 Qc7 12. Nf3 Ne8 13. a4 Qb8 14. Re1 Kh8 15. e5 dxe5 16. fxe5 e6 17. Bf4 Qc8 18. Bg3 Bh6 19. Qe4 Ng7 20. Qh4 Nh5 21. Be4 Bg7 22. Bf2 Nxe5 23. Nxe5 Bxe5 24. dxe6 Bf6 25. Bxb7 Qxb7 26. Qe4 Qxe4 27. Rxe4 fxe6 28. Rxe6 Rab8 29. Nd5 Bxb2 30. Rb1 Bd4 31. Bxd4+ cxd4 32. Re4 d3 33. Nxb6 Nf4 34. Kh1 Ne2 0-1

[Event "ARG-ch U20"]
[Site "Buenos Aires"]
[Date "2023.02.21"]
[Round "9"]
[White "Trechuelo Falcon, Agustin"]
[Black "Bosco, Giuliana"]
[Result "1-0"]
[WhiteElo "1671"]
[BlackElo "1893"]
[PlyCount "39"]
[EventDate "2023.02.17"]
[EventType "swiss"]
[EventRounds "9"]
[EventCountry "ARG"]
[SourceTitle "EXT 2024"]
[Source "ChessBase"]
[SourceDate "2023.10.10"]
[SourceVersion "1"]
[SourceVersionDate "2023.10.10"]
[SourceQuality "1"]

1. b3 Nf6 2. Bb2 g6 3. e4 d6 4. Nc3 Bg7 5. Nd5 Nbd7 6. g3 c6 7. Nxf6+ Nxf6 8. Bg2 0-0 9. Ne2 e5 10. 0-0 Nd7 11. d4 Qe7 12. f4 f5 13. dxe5 dxe5 14. exf5 gxf5 15. fxe5 Nxe5 16. Nf4 b6 17. Nd3 Ba6 18. Re1 Rad8 19. Bxe5 Rxd3 20. cxd3 1-0

[Event "ARG-ch U20"]
[Site "Buenos Aires"]
[Date "2023.02.18"]
[Round "4"]
[White "Bosco, Giuliana"]
[Black "Llanos, Joaquin"]
[Result "1/2-1/2"]
[WhiteElo "1893"]
[BlackElo "1957"]
[PlyCount "123"]
[EventDate "2023.02.17"]
[EventType "swiss"]
[EventRounds "9"]
[EventCountry "ARG"]
[SourceTitle "EXT 2024"]
[Source "ChessBase"]
[SourceDate "2023.10.10"]
[SourceVersion "1"]
[SourceVersionDate "2023.10.10"]
[SourceQuality "1"]

1. e4 e6 2. d4 b6 3. Bd3 Bb7 4. Ne2 c5 5. c3 cxd4 6. cxd4 Nf6 7. Nbc3 a6 8. 0-0 d6 9. f4 e5 10. d5 Nbd7 11. fxe5 dxe5 12. Ng3 Bc5+ 13. Kh1 g6 14. Qf3 h6 15. Nd1 b5 16. Ne3 h5 17. Nc2 h4 18. Ne2 Qb6 19. Bg5 Be7 20. Rad1 Rh5 21. Be3 Bc5 22. Bxc5 Qxc5 23. Ne3 Rg5 24. Rc1 Qb6 25. Ng1 Rc8 26. Rxc8+ Bxc8 27. Nh3 Rh5 28. Ng4 Ke7 29. Rc1 Bb7 30. Nxf6 Nxf6 31. Be2 Rh8 32. Qc3 Nd7 33. Qb4+ Qd6 34. Qd2 Rc8 35. Rf1 Rh8 36. Qg5+ Ke8 37. Bg4 Nc5 38. Qe3 Rf8 39. b4 Nxe4 40. Rd1 f5 41. Bf3 Nf6 42. Qa7 Bc8 43. Rc1 Bd7 44. Ng5 Ke7 45. Rc6 Ra8 46. Qxa8 Bxc6 47. Qxc6 Qxc6 48. dxc6 e4 49. Bd1 Nd5 50. a3 Nf4 51. Kg1 Kd6 52. Kf2 Kxc6 53. g3 hxg3+ 54. hxg3 Nd3+ 55. Ke3 Ne5 56. Kd4 Kd6 57. Bb3 Nc6+ 58. Ke3 Ke5 59. Nf7+ Kf6 60. Nd6 Ke5 61. Nf7+ Kf6 62. Nd6 1/2-1/2

[Event "ARG-ch U20"]
[Site "Buenos Aires"]
[Date "2023.02.18"]
[Round "3"]
[White "Ruiz, Juan Ignacio"]
[Black "Bosco, Giuliana"]
[Result "0-1"]
[WhiteElo "1916"]
[BlackElo "1893"]
[PlyCount "66"]
[EventDate "2023.02.17"]
[EventType "swiss"]
[EventRounds "9"]
[EventCountry "ARG"]
[SourceTitle "EXT 2024"]
[Source "ChessBase"]
[SourceDate "2023.10.10"]
[SourceVersion "1"]
[SourceVersionDate "2023.10.10"]
[SourceQuality "1"]

1. d4 g6 2. Bf4 Bg7 3. e3 d6 4. Nf3 Nd7 5. Be2 e5 6. Bg3 Nh6 7. h3 0-0 8. c3 f5 9. dxe5 dxe5 10. Bh4 Qe8 11. 0-0 Nf7 12. Re1 h6 13. Bc4 Kh8 14. Nfd2 Nd6 15. f3 g5 16. Bg3 Qg6 17. Bd3 e4 18. fxe4 f4 19. Bf2 Ne5 20. Be2 g4 21. hxg4 Nxg4 22. Bf3 Be5 23. exf4 Bxf4 24. Bd4+ Kh7 25. Nf1 Ne5 26. Kf2 Ng4+ 27. Kg1 Ne5 28. Bxe5 Bxe5 29. Nbd2 Rf4 30. Kf2 Bg4 31. Ke3 Rd8 32. Qe2 Nxe4 33. Nxe4 Qb6+ 0-1

[Event "Vicente Lopez ProAm 100 Years op"]
[Site "Buenos Aires"]
[Date "2022.10.17"]
[Round "8"]
[White "Bosco, Giuliana"]
[Black "Librelato, Kathie Goulart"]
[Result "1/2-1/2"]
[WhiteElo "1848"]
[BlackElo "2203"]
[PlyCount "95"]
[EventDate "2022.10.11"]
[EventType "swiss"]
[EventRounds "9"]
[EventCountry "ARG"]
[SourceTitle "CBM 210 Extra"]
[Source "ChessBase"]
[SourceDate "2022.11.30"]
[SourceVersion "1"]
[SourceVersionDate "2022.11.30"]
[SourceQuality "1"]

1. e4 c5 2. Nf3 Nc6 3. d4 cxd4 4. Nxd4 g6 5. c4 Bg7 6. Be3 Nf6 7. Nc3 d6 8. Be2 0-0 9. 0-0 Bd7 10. f3 Nxd4 11. Bxd4 a5 12. b3 Bc6 13. Qd2 Nd7 14. Be3 Nc5 15. Rab1 Qb6 16. Qc2 Rfc8 17. Rfd1 Qb4 18. Bd2 Qb6 19. Be3 Qc7 20. Bf1 b6 21. Ne2 h5 22. Nd4 Bb7 23. Qf2 Qd8 24. Nb5 Kh7 25. Qd2 Qf8 26. Qf2 Qh8 27. Bd4 Bxd4 28. Nxd4 Qe5 29. Qh4 Kg7 30. Ne2 Bc6 31. a3 Bd7 32. Qf2 f5 33. b4 axb4 34. axb4 Na4 35. Rd5 Qf6 36. e5 Qf8 37. Qd4 Kh7 38. Nf4 Bc6 39. exd6 Bxd5 40. Nxd5 exd6 41. Nf6+ Kh6 42. Re1 Ra7 43. Qf4+ Kg7 44. Nd5 Re8 45. Qd4+ Kh6 46. Qd2+ Kg7 47. Qd4+ Kh6 48. Qd2+ 1/2-1/2

[Event "ARG-ch sf 97th"]
[Site "Buenos Aires"]
[Date "2022.09.09"]
[Round "2"]
[White "Landivar, Matias"]
[Black "Bosco, Giuliana"]
[Result "1/2-1/2"]
[WhiteElo "2025"]
[BlackElo "1846"]
[PlyCount "35"]
[EventDate "2022.09.08"]
[EventType "swiss"]
[EventRounds "9"]
[EventCountry "ARG"]
[SourceTitle "CBM 210 Extra"]
[Source "ChessBase"]
[SourceDate "2022.11.30"]
[SourceVersion "1"]
[SourceVersionDate "2022.11.30"]
[SourceQuality "1"]

1. e4 e6 2. d3 d5 3. Nd2 c5 4. Ngf3 Nf6 5. g3 Be7 6. Bg2 Nc6 7. 0-0 b6 8. Re1 Bb7 9. e5 Nd7 10. Nf1 g5 11. c4 d4 12. a3 h6 13. b4 Qc7 14. bxc5 Bxc5 15. Bb2 g4 16. Nh4 Ncxe5 17. Bxb7 Qxb7 18. Re4 1/2-1/2

[Event "ARG-ch sf 97th"]
[Site "Buenos Aires"]
[Date "2022.09.08"]
[Round "1"]
[White "Bosco, Giuliana"]
[Black "Abramor, Franco"]
[Result "0-1"]
[WhiteElo "1846"]
[BlackElo "2219"]
[PlyCount "70"]
[EventDate "2022.09.08"]
[EventType "swiss"]
[EventRounds "9"]
[EventCountry "ARG"]
[SourceTitle "CBM 210 Extra"]
[Source "ChessBase"]
[SourceDate "2022.11.30"]
[SourceVersion "1"]
[SourceVersionDate "2022.11.30"]
[SourceQuality "1"]

1. e4 e5 2. Nf3 Nc6 3. Bb5 a6 4. Ba4 Nf6 5. Qe2 b5 6. Bb3 Bc5 7. c3 d6 8. d3 h6 9. Nbd2 g5 10. Nf1 Qe7 11. Ne3 Be6 12. Bc2 Rg8 13. b4 Bb6 14. a4 Rb8 15. Bb2 d5 16. axb5 axb5 17. Nd2 d4 18. Nf5 Bxf5 19. exf5 dxc3 20. Bxc3 Bd4 21. Qf3 e4 22. dxe4 Ne5 23. Qg3 Nh5 24. Qh3 Nf4 25. Qg3 Nh5 26. Qh3 Nf4 27. Qg3 Nxg2+ 28. Kf1 Ne3+ 29. fxe3 Bxc3 30. Rd1 Bxb4 31. Nb3 Bd6 32. Qe1 Kf8 33. Qe2 g4 34. Nd4 Qh4 35. Qf2 g3 0-1

[Event "ARG-chT"]
[Site "Villa Martelli"]
[Date "2022.08.28"]
[Round "4.2"]
[White "Ocampos, Ian Guido"]
[Black "Bosco, Giuliana"]
[Result "1-0"]
[WhiteElo "2173"]
[BlackElo "1846"]
[PlyCount "83"]
[EventDate "2022.08.26"]
[EventType "team-swiss"]
[EventRounds "8"]
[EventCountry "ARG"]
[SourceTitle "EXT 2023"]
[Source "ChessBase"]
[SourceDate "2022.10.05"]
[SourceVersion "1"]
[SourceVersionDate "2022.10.05"]
[SourceQuality "1"]
[WhiteTeam "Club Argentino"]
[BlackTeam "Centro Univ CUV"]
[WhiteTeamCountry "ARG"]
[BlackTeamCountry "ARG"]

1. e4 e6 2. d4 d5 3. Nc3 Bb4 4. Nge2 dxe4 5. a3 Be7 6. Nxe4 Nf6 7. Nxf6+ Bxf6 8. Be3 Nc6 9. Qd2 b6 10. 0-0-0 Bb7 11. Nf4 Ne7 12. Nh5 Qd5 13. Nxf6+ gxf6 14. Qb4 a5 15. Qb5+ Bc6 16. Qxd5 Nxd5 17. Bd2 0-0-0 18. c4 Ne7 19. Bc3 Bb7 20. d5 e5 21. f4 Ng6 22. g3 Rhe8 23. fxe5 fxe5 24. Bh3+ Kb8 25. Rhf1 Rf8 26. Rf6 Ba6 27. b3 a4 28. c5 axb3 29. cxb6 cxb6 30. Rxb6+ Ka7 31. Rf6 Bc4 32. Bb4 Rfe8 33. Bc5+ Kb8 34. Rb6+ Ka8 35. d6 e4 36. d7 Re5 37. Bd6 e3 38. Bxe5 Nxe5 39. Rdd6 e2 40. Bg2+ Ka7 41. Rb7+ Ka8 42. Rb5+ 1-0

[Event "Pan American-ch U18 Girls"]
[Site "Montevideo"]
[Date "2022.06.27"]
[Round "3"]
[White "Guo, Hazel"]
[Black "Bosco, Giuliana"]
[Result "0-1"]
[WhiteElo "1526"]
[BlackElo "1843"]
[PlyCount "96"]
[EventDate "2022.06.26"]
[EventType "swiss"]
[EventRounds "9"]
[EventCountry "URU"]
[SourceTitle "EXT 2023"]
[Source "ChessBase"]
[SourceDate "2022.10.05"]
[SourceVersion "1"]
[SourceVersionDate "2022.10.05"]
[SourceQuality "1"]

1. e4 e6 2. d4 d5 3. Nc3 Bb4 4. Nge2 dxe4 5. a3 Be7 6. Nxe4 Nc6 7. c3 b6 8. N2g3 Bb7 9. Bd3 Qd7 10. a4 Nf6 11. 0-0 0-0-0 12. b4 h5 13. a5 h4 14. Ne2 Nxd4 15. cxd4 Nxe4 16. axb6 axb6 17. Qc2 Qc6 18. Qxc6 Bxc6 19. b5 Bb7 20. Be3 Nd6 21. Rfc1 Kd7 22. Bf4 Ra8 23. Rab1 Ra3 24. Nc3 Rha8 25. f3 g5 26. Bxd6 Bxd6 27. Rc2 Ra1 28. Rcb2 Rxb1+ 29. Nxb1 Ra4 30. Nd2 Rxd4 31. Bf1 Bc5 32. Nb3 Rd5+ 33. Nxc5+ Rxc5 34. Rd2+ Rd5 35. Rc2 Kd6 36. Ra2 Rd4 37. Rb2 Bd5 38. Rc2 Ra4 39. h3 Ra1 40. Rd2 Ra2 41. Rd1 Rc2 42. Bd3 Rc3 43. Bh7 Kc5 44. Bg8 Kxb5 45. Bxf7 Kc5 46. Re1 Kd6 47. Rb1 Rb3 48. Rc1 c5 0-1

[Event "ARG-ch 96th"]
[Site "Buenos Aires"]
[Date "2022.06.10"]
[Round "9"]
[White "Marson, Juan Miguel"]
[Black "Bosco, Giuliana"]
[Result "1-0"]
[WhiteElo "2083"]
[BlackElo "1843"]
[PlyCount "85"]
[EventDate "2022.06.02"]
[EventType "swiss"]
[EventRounds "11"]
[EventCountry "ARG"]
[SourceTitle "CBM 208 Extra"]
[Source "ChessBase"]
[SourceDate "2022.07.31"]
[SourceVersion "1"]
[SourceVersionDate "2022.07.31"]
[SourceQuality "1"]

1. e4 e6 2. d4 d5 3. Nc3 Bb4 4. e5 Qd7 5. Qg4 f5 6. Qg3 b6 7. h4 Ba6 8. Bxa6 Nxa6 9. Nh3 Nb8 10. 0-0 Nc6 11. Ne2 0-0-0 12. Rd1 Nh6 13. Bg5 Rdg8 14. Rac1 f4 15. Qxf4 Rf8 16. Qh2 Nf5 17. g4 h6 18. gxf5 hxg5 19. Nxg5 Rxf5 20. Qg3 Be7 21. f4 Qe8 22. Qg4 Bxg5 23. hxg5 Ne7 24. Ng3 Qg6 25. Kg2 Rhf8 26. Nxf5 Nxf5 27. Rd3 Nh6 28. Qf3 Nf7 29. Qe3 Qf5 30. Re1 Rh8 31. Qg3 Rf8 32. Rf3 Qxc2+ 33. Rf2 Qf5 34. Qh3 Qg6 35. f5 Qxg5+ 36. Kf1 Rh8 37. Qg2 Qh6 38. fxe6 Qxe6 39. Qxg7 Qh3+ 40. Ke2 Rh4 41. Qxf7 Re4+ 42. Kd2 Rxd4+ 43. Kc1 1-0

[Event "ARG-ch 96th"]
[Site "Buenos Aires"]
[Date "2022.06.02"]
[Round "1"]
[White "Bosco, Giuliana"]
[Black "Aguilar, Andres"]
[Result "0-1"]
[WhiteElo "1843"]
[BlackElo "2260"]
[PlyCount "70"]
[EventDate "2022.06.02"]
[EventType "swiss"]
[EventRounds "11"]
[EventCountry "ARG"]
[SourceTitle "CBM 208 Extra"]
[Source "ChessBase"]
[SourceDate "2022.07.31"]
[SourceVersion "1"]
[SourceVersionDate "2022.07.31"]
[SourceQuality "1"]

1. e4 c5 2. Nc3 e6 3. g3 d5 4. exd5 exd5 5. Bg2 Nf6 6. d3 Be7 7. Nge2 d4 8. Ne4 0-0 9. 0-0 Nxe4 10. Bxe4 Nd7 11. Nf4 Nf6 12. Bf3 Bd6 13. Re1 h6 14. h4 Rb8 15. Ne2 Be6 16. Bf4 Nd5 17. Qd2 Qc7 18. Bxd6 Qxd6 19. c3 dxc3 20. bxc3 Rfd8 21. d4 cxd4 22. cxd4 Rbc8 23. Rac1 Qa3 24. Rxc8 Rxc8 25. Be4 b5 26. Nf4 Nxf4 27. Qxf4 Qxa2 28. d5 Bd7 29. Bf3 Qc4 30. Qd6 Bf5 31. Qe7 Qc3 32. Bg2 b4 33. d6 b3 34. d7 Bxd7 35. Qxd7 Qxe1+ 0-1

[Event "ARG-ch sf 95th"]
[Site "Buenos Aires"]
[Date "2020.02.26"]
[Round "5"]
[White "Ferrara, Enzo"]
[Black "Bosco, Giuliana"]
[Result "1-0"]
[WhiteElo "2186"]
[BlackElo "1657"]
[PlyCount "135"]
[EventDate "2020.02.22"]
[EventType "swiss"]
[EventRounds "9"]
[EventCountry "ARG"]
[SourceTitle "CBM 195 Extra"]
[Source "ChessBase"]
[SourceDate "2020.05.31"]
[SourceVersion "1"]
[SourceVersionDate "2020.05.31"]
[SourceQuality "1"]

1. c4 e5 2. Nc3 Nc6 3. g3 g6 4. Bg2 Bg7 5. e3 d6 6. Nge2 Be6 7. Nd5 Qd7 8. Nec3 Nd8 9. b3 c6 10. Nb4 Bh3 11. Bf3 Ne7 12. Bb2 0-0 13. Nc2 d5 14. d3 Rc8 15. Qd2 b5 16. Be2 Ne6 17. 0-0-0 Nc7 18. c5 a5 19. d4 Ne6 20. Rhg1 Bf5 21. Nb1 Bxc2 22. Qxc2 exd4 23. exd4 Nf5 24. Bg4 Bh6+ 25. Nd2 Nfg7 26. f4 a4 27. b4 a3 28. Bc3 Ne8 29. Nf3 Nf6 30. Ne5 Qe7 31. Bf3 Nd7 32. Kb1 Nxe5 33. dxe5 Ra8 34. h4 Ra4 35. Rd3 Nc7 36. Qd2 Ne6 37. Bd1 Ra7 38. Qf2 Bg7 39. Bc2 f5 40. h5 g5 41. Bd2 g4 42. Bc1 Rfa8 43. Rb3 Qf7 44. Rh1 h6 45. Qe3 Bf8 46. Qd3 Ng7 47. Rxa3 Rxa3 48. Bxa3 Qa7 49. Kb2 Be7 50. Qb3 Kf7 51. Rd1 Ke6 52. Re1 Qa6 53. Qd3 Qa7 54. Re3 Rf8 55. Qd1 Qa8 56. Rd3 Qb7 57. Kb1 Ra8 58. Bb2 Qb8 59. Bb3 Qd8 60. Rd2 Rb8 61. Rh2 Qc7 62. Qd3 Ra8 63. Bd1 Qa7 64. a3 Qd7 65. Bxg4 Qe8 66. Bd1 Qf7 67. g4 Rf8 68. Bc1 1-0

[Event "Buenos Aires Proyeccion Olimp (Women)"]
[Site "Buenos Aires"]
[Date "2019.12.15"]
[Round "4"]
[White "Borda Rodas, Anapaola S"]
[Black "Bosco, Giuliana"]
[Result "1-0"]
[WhiteElo "2079"]
[BlackElo "1813"]
[PlyCount "59"]
[EventDate "2019.12.12"]
[EventType "tourn"]
[EventRounds "9"]
[EventCountry "ARG"]
[SourceTitle "CBM 194 Extra"]
[Source "ChessBase"]
[SourceDate "2020.03.31"]
[SourceVersion "1"]
[SourceVersionDate "2020.03.31"]
[SourceQuality "1"]

1. e4 c5 2. Nf3 e6 3. d4 cxd4 4. Nxd4 a6 5. Be2 Qc7 6. 0-0 b5 7. a4 b4 8. Nd2 Bb7 9. Re1 Bc5 10. N2b3 Ba7 11. Bf3 Ne7 12. e5 Nbc6 13. Be3 d5 14. exd6 Qxd6 15. Nxe6 Qxd1 16. Nxg7+ Kf8 17. Raxd1 Kxg7 18. Bxa7 Rxa7 19. Rd7 Rha8 20. Nc5 Bc8 21. Rdxe7 Nxe7 22. Bxa8 Rxa8 23. Rxe7 Bf5 24. c3 Rd8 25. h3 Rd1+ 26. Kh2 Rd2 27. cxb4 Rxb2 28. Nxa6 Rxf2 29. Re3 Rf4 30. Rf3 1-0

[Event "Buenos Aires Proyeccion Olimp (Women)"]
[Site "Buenos Aires"]
[Date "2019.12.14"]
[Round "3"]
[White "Brizzi, Milagros Tatiana"]
[Black "Bosco, Giuliana"]
[Result "1-0"]
[WhiteElo "2045"]
[BlackElo "1813"]
[PlyCount "63"]
[EventDate "2019.12.12"]
[EventType "tourn"]
[EventRounds "9"]
[EventCountry "ARG"]
[SourceTitle "CBM 194 Extra"]
[Source "ChessBase"]
[SourceDate "2020.03.31"]
[SourceVersion "1"]
[SourceVersionDate "2020.03.31"]
[SourceQuality "1"]

1. e4 e6 2. d3 d5 3. Nd2 c5 4. Ngf3 Nf6 5. g3 Nc6 6. Bg2 Be7 7. 0-0 b6 8. Re1 Bb7 9. c3 h6 10. Qe2 Qc7 11. a3 0-0-0 12. b4 g5 13. Nb3 Rdg8 14. Bb2 h5 15. Nfd2 g4 16. exd5 Nd8 17. c4 Rh6 18. d4 cxb4 19. axb4 Bxb4 20. Rxa7 exd5 21. cxd5 Re8 22. Qf1 Rxe1 23. Qxe1 Kb8 24. Qa1 Qc2 25. d6 Bxd6 26. Bxb7 Nxb7 27. Qa6 Qc6 28. Ra8+ Kc7 29. Na5 Qd5 30. Nxb7 Ne4 31. Nxe4 Qxe4 32. Qc4+ 1-0

[Event "South America-ch U16 Girls 16th"]
[Site "Buenos Aires"]
[Date "2019.12.01"]
[Round "1.4"]
[White "Rozas Lazcano, Valeska"]
[Black "Bosco, Giuliana"]
[Result "1/2-1/2"]
[WhiteElo "1396"]
[BlackElo "1813"]
[PlyCount "58"]
[EventDate "2019.12.01"]
[EventType "swiss"]
[EventRounds "9"]
[EventCountry "ARG"]
[SourceTitle "EXT 2024"]
[Source "ChessBase"]
[SourceDate "2023.10.10"]
[SourceVersion "1"]
[SourceVersionDate "2023.10.10"]
[SourceQuality "1"]

1. e4 e6 2. d4 d5 3. exd5 exd5 4. Bd3 Nc6 5. Nf3 Bg4 6. Be3 Qd7 7. Nc3 Bb4 8. h3 Bh5 9. a3 Ba5 10. Be2 Nge7 11. b4 Bb6 12. Na4 Bg6 13. Nc5 Bxc5 14. bxc5 Nf5 15. 0-0 0-0 16. Bb5 Nxe3 17. fxe3 Qe7 18. Qd2 Nd8 19. Ne5 c6 20. Nxg6 hxg6 21. Bd3 Ne6 22. Rae1 Qg5 23. Qf2 Rad8 24. c3 f5 25. g3 f4 26. h4 Qg4 27. Qf3 Qxg3+ 28. Qxg3 fxg3 29. Kg2 Rf2+ 1/2-1/2

[Event "Buenos Aires Szmetan Giardelli op"]
[Site "Buenos Aires"]
[Date "2018.12.08"]
[Round "5"]
[White "Bosco, Giuliana"]
[Black "Gonzalez, Pablo"]
[Result "1/2-1/2"]
[WhiteElo "1578"]
[BlackElo "1827"]
[PlyCount "135"]
[EventDate "2018.12.04"]
[EventType "swiss"]
[EventRounds "9"]
[EventCountry "ARG"]
[SourceTitle "CBM 187 Extra"]
[Source "ChessBase"]
[SourceDate "2018.11.04"]
[SourceVersion "1"]
[SourceVersionDate "2018.11.04"]
[SourceQuality "1"]

1. e4 Nf6 2. e5 Nd5 3. Nc3 Nxc3 4. bxc3 d6 5. f4 g6 6. d4 Bg7 7. Nf3 0-0 8. Bd3 c5 9. 0-0 Qc7 10. Be3 Nd7 11. Ng5 c4 12. Be2 Nb6 13. Bd2 f6 14. exf6 exf6 15. Ne4 f5 16. Ng5 h6 17. Nf3 Be6 18. Qe1 Rae8 19. Qg3 Bf7 20. Rfe1 Nd5 21. Bf1 Nf6 22. Re2 Rxe2 23. Bxe2 Re8 24. Bf1 Ne4 25. Qh4 b5 26. Be1 Qa5 27. Qh3 Qa4 28. g3 Qxc2 29. Qg2 Qxg2+ 30. Bxg2 a5 31. a4 bxa4 32. Rxa4 Ra8 33. Kf1 Be8 34. Ra3 a4 35. Nd2 d5 36. g4 Bf8 37. Bxe4 fxe4 38. Ra1 Rb8 39. Ke2 a3 40. Nf1 Rb2+ 41. Bd2 Bd7 42. Ne3 Bc6 43. Nd1 Rb3 44. Ne3 Kf7 45. Nc2 Bd7 46. Ne3 Ke6 47. Nd1 Ba4 48. Bc1 Bd6 49. h4 Be7 50. g5 h5 51. Bd2 Rb8 52. Ne3 Bb3 53. Bc1 a2 54. Kf2 Ra8 55. Kg3 Ba3 56. Bxa3 Rxa3 57. Kf2 Ra8 58. Kg3 Rf8 59. Nf1 Kd6 60. Ne3 Kc6 61. Rf1 Ra8 62. Ra1 Rd8 63. f5 gxf5 64. Nxf5 Rf8 65. Kf4 e3 66. g6 Kb5 67. g7 Rg8 68. Rg1 1/2-1/2

[Event "ARG-chT"]
[Site "Villa Martelli"]
[Date "2018.08.25"]
[Round "8.3"]
[White "Koch, Juan Enrique"]
[Black "Bosco, Giuliana"]
[Result "1-0"]
[WhiteElo "1952"]
[BlackElo "1622"]
[PlyCount "69"]
[EventDate "2018.07.07"]
[EventType "team-swiss"]
[EventRounds "9"]
[EventCountry "ARG"]
[SourceTitle "CBM 187 Extra"]
[Source "ChessBase"]
[SourceDate "2018.11.04"]
[SourceVersion "1"]
[SourceVersionDate "2018.11.04"]
[SourceQuality "1"]
[WhiteTeam "Ajedrez Plus"]
[BlackTeam "San Isidro"]
[WhiteTeamCountry "ARG"]
[BlackTeamCountry "ARG"]

1. Nf3 Nf6 2. c4 g6 3. g3 Bg7 4. Bg2 d6 5. d4 0-0 6. 0-0 Nbd7 7. Nc3 Re8 8. e4 e5 9. Re1 exd4 10. Nxd4 Nf8 11. h3 Ne6 12. Be3 Nc5 13. Qc2 Bd7 14. Rad1 Qc8 15. Kh2 Ne6 16. Nde2 h6 17. f4 Bc6 18. Nd5 Nc5 19. Nec3 Nxd5 20. cxd5 Bd7 21. b4 Bxc3 22. Qxc3 Nxe4 23. Qd4 f5 24. Bc1 Re7 25. Bb2 Kh7 26. g4 Qf8 27. gxf5 gxf5 28. Bf3 Qf7 29. Rg1 Rg8 30. Rxg8 Qxg8 31. Rg1 Qf8 32. Bh5 Be8 33. Bxe8 Qxe8 34. Rg7+ Rxg7 35. Qxg7# 1-0